00627cam a22001813a 450000100060000000300060000600500170001200800410002904000150007004200070008510000120009224501910010426000290029550600300032451600200035483000290037485600420040340698PGUSA20140828083917.0120907s2012||||xxu|||||s|||||000 | eng d aPGUSAbeng adc1 aUnknown10aAddress to the People of the United States, together with the Proceedings and Resolutions of the Pro-Slavery Convention of Missouri :bHeld at Lexingtonh[electronic resource] /cUnknown bProject Gutenberg,c2012 aPublic domain in the USA. aElectronic text 0aProject Gutenbergv4069840uhttp://www.gutenberg.org/ebooks/40698